000
00282nam a2200133Ia 4500
100
_a
Johnson/David E
250
_a
3
942
_c
BK
654
_a
Circuits
245
_a
Electric Circuits Analysis
260
_b
Prentice -Hall
_a
Bombay
_c
1997
300
_a
848
546
_a
ENGLISH
999
_c
19324
_d
19324